000 00727nas a2200301 4500
001 BR9205106
003 BR-BrBNA
005 20231205092820.0
007 ta
008 230509b bl.|||p| |||| 00| 00por d
040 _aBR-BrBNA
_bpor
_cBiblioteca Nacional de Agricultura
041 _a(Pt)
072 _aF01
100 1 _aAnon.
245 1 _aEspacosas, e o que sao essas 7 [raleio]
650 _aPESSEGO
650 _aNECTARINA
650 _aMACA
650 _aPERA
650 _aNESPERA
650 _aAMEIXA
650 _aUVA
650 _aRALEIO
650 _aCOLHEITA
773 0 _tGuia Rural (Brazil)
_x
_g(1991), p. 136
_wBR9205106
909 _a202311
_bLúcia
_c55
_dLúcia Elande
942 _2AGRIS
_n0
_cANA
999 _c134415
_d134415